Regional housing hotspots (Record no. 117705)

MARC details
000 -LEADER
fixed length control field 00981cam a2200217 4500
001 - CONTROL NUMBER
control field WB@3612-442
008 - FIXED-LENGTH DATA ELEMENTS--GENERAL INFORMATION
fixed length control field 040715n2004 000 0 eng u
035 ## - SYSTEM CONTROL NUMBER
System control number (Sirsi) u126789
245 ## - TITLE STATEMENT
Title Regional housing hotspots
260 ## - PUBLICATION, DISTRIBUTION, ETC.
Date of publication, distribution, etc. 2004
490 ## - SERIES STATEMENT
Series statement HBOS Press Release
Volume/sequential designation 10 July 2004 (5)
520 ## - SUMMARY, ETC.
Summary, etc. According to the latest "Regional house prices" report from the Halifax, the top 10 property hotspots for the second quarter of 2004 are again all outside the south of England. Crewe has experienced the biggest increase in prices - the average price in the second quarter of 2004 is £196 970, up 58% from £124 540 for the same period in 2003. http://www.hbosplc.com/media/pressreleases/article s/halifax/2004-07-10-01.asp?fs=media/press_release s.asp
590 ## - LOCAL NOTE (RLIN)
Local note WB
590 ## - LOCAL NOTE (RLIN)
Local note WB
650 ## - SUBJECT ADDED ENTRY--TOPICAL TERM
Topical term or geographic name entry element HALIFAX HOUSE PRICE INDEX
650 ## - SUBJECT ADDED ENTRY--TOPICAL TERM
Topical term or geographic name entry element NORTH-SOUTH DIVIDE
650 ## - SUBJECT ADDED ENTRY--TOPICAL TERM
Topical term or geographic name entry element HOUSING-MARKET
650 ## - SUBJECT ADDED ENTRY--TOPICAL TERM
Topical term or geographic name entry element HOUSE PRICES
690 ## - LOCAL SUBJECT ADDED ENTRY--TOPICAL TERM (OCLC, RLIN)
Topical term or geographic name as entry element HOUSING-HOUSE PRICES
942 ## - ADDED ENTRY ELEMENTS (KOHA)
Suppress in OPAC 0
Holdings
Withdrawn status Lost status Source of classification or shelving scheme Damaged status Not for loan Home library Current library Shelving location Date acquired Total Checkouts Full call number Barcode Date last seen Copy number Price effective from Koha item type
    Dewey Decimal Classification     London London News article 15/07/2004   WB4027-10 126789-1001 06/08/2019 1 06/08/2019 News article